000 00819nam a2200241 a 4500
001 43685
003 BD-RjUL
005 20211209053733.0
008 160626s1955 nyua 001 0 eng
035 _a(BD-RjUL)43803
040 _aDLC
_cODaWU
_dOCoLC
_dUk
_dBD-RjUL
_beng
041 _aeng
082 _a336.73
_223
_bCOE 1955
100 1 _aColm, Gerhard,
_d1897-1968.
_9134229
245 1 0 _aEssays in public finance and fiscal policy /
_cby Gerhard Colm with the editorial assistance of Helen O. Nicol.
260 _aNew York :
_bOxford University Press,
_cc1955.
300 _a375 p. :
_bill. ;
_c23 cm.
500 _aIncludes index.
650 0 _aFinance, Public
_zUnited States
_xHistory
_y1933-
_9134230
650 0 _aFinance, Public.
_9134231
651 0 _aUnited States
_xEconomic policy.
_9134232
942 _2ddc
_cBK
999 _c43685
_d43685